| 000 | 01005nam a22002897a 4500 | ||
|---|---|---|---|
| 001 | 5366 | ||
| 003 | FISKH | ||
| 005 | 20250821101701.0 | ||
| 008 | 241128b cb ||||| |||| 00| 0 eng d | ||
| 020 | _a9781587172595 | ||
| 040 |
_aFISKH _beng _cFISKH _dFISKH |
||
| 050 | _aNA6230.S44 | ||
| 082 | _a720.483 | ||
| 100 | _aSimon, Seymour | ||
| 245 |
_aSkyscrapers / _cby Seymour Simon |
||
| 260 |
_aSan Francisco : _bSeaStar Books ; _c2005 . |
||
| 300 |
_a32 unnumbered pages : _bcolor illustrations ; _c24 cm . |
||
| 490 |
_aSee More Readers _vLevel 2 |
||
| 505 | _aU | ||
| 520 | _aContains an introduction to skyscrapers, in simple text with illustrations, including information on how they are built,what they are made of, and which ones are the tallest in world. | ||
| 521 | 8 |
_a850
_bLexile |
|
| 521 | 8 |
_aU
_bRaz-Plus |
|
| 650 |
_aSkyscrapers _vJuvenile literature |
||
| 650 |
_aarchitecture, Modern - 20th century _vJuvenile literature |
||
| 942 |
_2ddc _cBK _n0 |
||
| 999 |
_c5366 _d5366 |
||